000 00860cam a2200277 a 4500
999 _c6048
_d6048
001 31866986
003 OCoLC
005 20190111172143.0
008 941222s1995 miua 000 0 eng
010 _a94047627
040 _aDLC
_cDLC
_dOCL
082 _a248.8
_bc883s
092 _a248.842
_bC883S
100 1 _aCrabb, Lawrence J
245 1 0 _aGod calls men to move beyond- the silence [of] Adam :
_bbecoming men of courage in a world of chaos /
_cLarry Crabb with Don Hudson & Al Andrews
246 3 0 _aSilence of Adam
260 _aGrand Rapids, Mich. :
_bZondervan Pub. House,
_cc1995
300 _a192 p. :
_bill. ;
_c24 cm
650 0 _aMen (Christian theology)
650 0 _aMen
_xPsychology
650 0 _aRole expectation
650 0 _aMen
_xReligious life
700 1 _aHudson, Don,
_d1959-
700 1 _aAndrews, Al,
_d1954-
942 _2ddc
_cBK